Αισθητική θεωρία
Αποθηκεύτηκε σε:
| Κύριος συγγραφέας: | |
|---|---|
| Μορφή: | Βιβλίο |
| Γλώσσα: | Greek German |
| Δημοσίευση: |
Αθήνα :
Αλεξάνδρεια,
2000.
|
| Σειρά: | Κριτική θεωρία
|
| Θέματα: | |
| Ετικέτες: |
Προσθήκη ετικέτας
Δεν υπάρχουν, Καταχωρήστε ετικέτα πρώτοι!
|
MARC
| LEADER | 00000cam a2200000 i 4500 | ||
|---|---|---|---|
| 001 | 1/70280 | ||
| 008 | 050302s2000 gr | || |||| ||gre|| | ||
| 020 | |a 9602211962 | ||
| 035 | |l 10076178 | ||
| 040 | |a GR-MyUa |b gre |e AACR2 | ||
| 041 | 1 | |a gre |h ger | |
| 082 | 7 | |a 111.85 |2 (21) | |
| 100 | 1 | |a Adorno, Theodor W., |d 1903-1969. | |
| 245 | 1 | 0 | |a Αισθητική θεωρία / |c επιμέλεια πρωτοτύπου Gretel Adorno, Rolf Tiedemann ; μετάφραση, σημειώσεις Λευτέρης Αναγνώστου. |
| 260 | |a Αθήνα : |b Αλεξάνδρεια, |c 2000. | ||
| 300 | |a 655 σ. ; |c 21 εκ. | ||
| 490 | 1 | |a (Κριτική θεωρία) | |
| 500 | |a Τίτλος πρωτοτύπου: Ästhetische Theorie. | ||
| 650 | 0 | |a Aesthetics. | |
| 830 | 0 | |a Κριτική θεωρία | |
| 852 | |a INST |b LESVOS |e 20071217 |h 111.85 ADO |p 005100040800 |q 005100040800 |t BK |y 0 | ||
| 852 | |a INST |b SYROS |e 20050302 |h 111.85 ADO |p 005500005472 |q 005500005472 |t BK |y 0 | ||
| 901 | |a BIBL5-2005-1 | ||
| 901 | |a BIBL1-2007-3 | ||
| 922 | |a 5ΕΛΗ |b 200411 |c 188 |d Πλάστιγγα | ||
| 922 | |a 1ΕΛΗ |b 200711 |c ΕΠΕΑΕΚ2/ΤΚΑ |d Σ. Πατάκης | ||
| 950 | |a 188/2004-11-03 | ||
| 970 | |a Τσουκαλά |b Αλίκη |z 03/03/2005 | ||